| 000 | 00663nam a2200241Ia 4500 | ||
|---|---|---|---|
| 003 | OSt | ||
| 005 | 20220925203925.0 | ||
| 006 | a|||||r|||| 00| 0 | ||
| 007 | ta | ||
| 008 | 220923b |||||||| |||| 00| 0 eng d | ||
| 037 | _cGeneral Book | ||
| 040 |
_aRTL _cRTL _beng |
||
| 041 |
_2eng _aeng |
||
| 082 | _aY:(G:5), K1 | ||
| 100 |
_aTheodorson George A Ed. _9267332 |
||
| 245 | 0 | _aStudies in human ecology | |
| 260 |
_aEvanston _bHarper and row _c1961 |
||
| 300 |
_axiii,626p _ccm. |
||
| 500 | _aBibiliography P 617-20 | ||
| 650 | _aSociometry | ||
| 942 |
_hY:(G:5), K1 _cGB _2CC |
||
| 999 |
_c548114 _d548114 |
||